00351nam a22001338i 4500020001500000040000800015082001300023245007400036300001300110650002500123710004200148942001000190999001700200 a0195216784 cUKM04a338.900500aHuman development report 2000 :bhuman development and human rights / a1 volume 4aEconomic development2 aUnited Nations Development Programme. cAEDBB c18403d18403